000 00865nam a2200253Ia 4500
003 OSt
005 20221005103155.0
006 a|||||r|||| 00| 0
007 ta
008 221004b |||||||| |||| 00| 0 hin d
024 _a108704
037 _cTextual
040 _aCRL
_cCRL
_bhin
041 _2hin
_ahin
082 _aO152,1N08:g, N3
100 _aवशिष्ठ, इन्दु
245 0 _aदिनकर काव्य में वस्तु - विधान
246 _aDinakar kāvya mean vastu - vidhāna
260 _aकानपुर
_bअन्नपूर्णा प्रकाशन भारत
_c1994
300 _a432पृ0
_ccm.
650 _aहिन्दी साहित्य
942 _hO152,1N08:g, N3
_cTEXL
_2cc
999 _c1009558
_d1009558